000 00371nam a2200157Ia 4500
008 230524s9999 xx 000 0 und d
082 _a510.3
_bBAL
100 _aV.K.Balachandran
245 0 _aTopological Algebra
250 _a1ST
260 _aNEW DELHI
_bNarosa
_c1999
300 _aXII;442
500 _aQuantity Number: 2
650 _aMathematics
942 _cBK
999 _c26138
_d26138